Boletín de las leyes y decretos del gobierno: 1886

Uloženo v:
Podrobná bibliografie
Médium: Kniha
Jazyk:španělština
Vydáno: Santiago Nacional 1886
Témata:
Tagy: Přidat tag
Žádné tagy, Buďte první, kdo vytvoří štítek k tomuto záznamu!

MARC

LEADER 00000nam a2200000 a 4500
001 UCR1498
003 CL-VaPUC
008 971219e18860000CL |||||||||||||||||spa|d
082 0 4 |a 348.022  |b BOL  |2 21 
245 1 0 |a Boletín de las leyes y decretos del gobierno: 1886 
300 |a 2 v 
942 |c BK 
945 |d 19971219 00:00:00  |a lriquelm 
260 |a Santiago  |b Nacional  |c 1886 
650 7 |a DERECHO CHILENO SIGLO 19  |2 CL-VaPUC  |9 398646 
650 0 |a Fuentes del derecho   |9 255162 
651 7 |a CHILE  |2 CL-VaPUC  |9 398647 
583 |a last modification  |c 20160829 10:09:46  |k Rodrigo Vera 
999 |c 264900  |d 264898 
952 |0 0  |1 0  |4 0  |6 348_022000000000000_BOL_1886  |7 0  |8 X  |9 295496  |a BIBDER  |b BIBDER  |d 2019-11-20  |h v.55 p.1  |i 1926047  |o 348.022 BOL 1886  |p 1926047  |r 2023-01-25  |w 2019-11-20  |y BK_X  |k DER 
952 |0 0  |1 0  |4 0  |6 348_022000000000000_BOL_1886  |7 0  |8 X  |9 295497  |a BIBDER  |b BIBDER  |d 2019-11-20  |h v.55 p.2  |i 1926098  |o 348.022 BOL 1886  |p 1926098  |r 2023-01-25  |w 2019-11-20  |y BK_X  |k DER 
952 |0 0  |1 0  |4 0  |6 348_022000000000000_BOL_1886  |7 0  |8 DER_HDC  |9 295498  |a BIBDER  |b BIBDER  |d 2019-11-20  |h v.55 p.1  |i 1927043  |o 348.022 BOL 1886  |p 1927043  |r 2023-01-25  |w 2019-11-20  |x Ubicación 4to Piso  |y BK_X  |z Estos recursos deben solicitarse con anticipación  |k DER 
952 |0 0  |1 0  |4 0  |6 348_022000000000000_BOL_1886  |7 0  |8 DER_HDC  |9 295499  |a BIBDER  |b BIBDER  |d 2019-11-20  |h v.55 p.2  |i 1927094  |o 348.022 BOL 1886  |p 1927094  |r 2023-01-25  |w 2019-11-20  |x Ubicación 4to Piso  |y BK_X  |z Estos recursos deben solicitarse con anticipación  |k DER 
952 |0 0  |1 0  |4 0  |6 348_022000000000000_BOL_1886  |7 0  |8 X  |9 295500  |a BIBHIS  |b BIBHIS  |d 2019-11-20  |h v.55 p.1  |i 2842491  |o 348.022 BOL 1886  |p 2842491  |r 2024-01-30  |w 2019-11-20  |y BK_X  |k HIS 
952 |0 0  |1 0  |4 0  |6 348_022000000000000_BOL_1886  |7 0  |8 X  |9 295501  |a BIBHIS  |b BIBHIS  |d 2019-11-20  |h v.55 p.2  |i 2842505  |o 348.022 BOL 1886  |p 2842505  |r 2024-01-30  |w 2019-11-20  |y BK_X  |k HIS